| 000 | 00706nam a2200217Ia 4500 | ||
|---|---|---|---|
| 005 | 20241129105901.0 | ||
| 008 | 241129s9999||||xx |||||||||||||| ||und|| | ||
| 020 | _a81-87654-82-1 | ||
| 037 | _aTB | ||
| 040 |
_aARTS _bpun _cARTS |
||
| 041 |
_apun _2pun |
||
| 084 |
_aO153,6x R3 _qARTS |
||
| 100 | _aਸਿੰਘ, ਕਰਨਜੀਤ, ਚ। | ||
| 245 | 0 |
_aਉਹ ਲਿਖਦੇ ਹਨ ਕਿ _cਸਿੰਘ, ਕਰਨਜੀਤ, ਚ। |
|
| 260 |
_aਦਿੱਲੀ, ਭਾਰਤ _bਦਿੱਲੀ ਮਨਪ੍ਰੀਤ ਪ੍ਰਕਾਸ਼ਨ _c2022 |
||
| 300 | _a131ਪ੍ਰ0 | ||
| 365 |
_aINR _b445 |
||
| 650 | _aPunjabi Prose | ||
| 942 |
_cTB _hO153,6x R3 |
||
| 999 |
_c1226426 _d1226426 |
||